000 00490nam a2200193Ia 4500
003 OSt
005 20230607082214.0
008 210423s2012 xx 000 0 und d
040 _cAL
041 _aeng
082 _a364
_223
_bASHR
100 _aASHOKA (B)
_9120783
245 _aRelavent issues on criminolgically
260 _aMangalore
_bRoshni Nilaya
_c2012
365 _cINR
650 _aCriminology
_9120784
906 _acriminolgically ; issues ; Relavent
942 _2ddc
_cBK
999 _c176027
_d176027